| 000 | 00437nam a22001337a 4500 | ||
|---|---|---|---|
| 999 |
_c13578 _d13578 |
||
| 020 | _a9789699684036 | ||
| 082 | _a891.439 | ||
| 100 | _aمحمد آصف نور, فرحت آصف | ||
| 245 | _aبرازیل جانئے, پہچانئے | ||
| 260 |
_aاسلام آباد _bبرازیل ایمبیسی _c2012 |
||
| 300 | _avi, 182 صفحات | ||
| 650 | _a Travelogue-Brazil (سفرنامہ-برازیل) | سفرنامہ | Travel | ||
| 942 | _cBK | ||